1666 1266 1507 1842 1206 1630 1216 1405 1911 1150 1754 1777 1736 1658 1377 1347 1018 1349 1305 1261 1780 1347 1343 1706 1303 1705 1488 1716 1230 1898 1922 1650 1858 1464 1189 1674 1618 1966 1773 1214 1528 1132 1400 1239 1221 1238 1381 1082 1888 1401 1273 1046 1095 1851 1684 1944 1984 1227 1923 1014 1604 1286 1141 1222 1916 1105 1699 1078 1164 1662 1994 1058 1680 1361 1753 1747 1629 1341 1402 1799 1187 1505 1057 1679 1512 1068 1946 1482 1413 1229 1219 1522 1009 1619 1426 1728 1322 1499 1816 BCNSPRNW ULIB Ver.6.0+V

เปลี่ยนเป็นภาษาไทย

Change to English
 แสดงรายละเอียดบรรณานุกรม
  กลับหน้าหลัก

Brief Record : Get Marc (ISO 2709) : E-mail record : QR code < ปิดหน้าต่าง
LEADER : 00000nam 2200000uu 4500
001    13399108039
003     ULIB
008    110215s2543||||th 000 0 tha d
020    9746644335
060 04 WY100^bข379ค 2543
245 00 คู่มือปฏิบัติการพยาบาล =^bNursing manual /^cบรรณาธิการ,ขวัญตา เกิดชูชื่น ... [และคนอื่นๆ]
246 31 Nursing manual
250    พิมพ์ครั้งที่ 15 ; แก้ไขและปรับปรุงครั้งที่ 5
260    กรุงเทพฯ :^bภาควิชาพยาบาลศาสตร์คณะแพทยศาสตร์โรงพยาบาลรามาธิบดี มหาวิทยาลัยมหิดล,^c2543
300    (15), 731 หน้า :^bภาพประกอบ :^c27 ซม.
504    บรรณานุกรม
650  2 Nursing, Practice
650  7 การพยาบาล^xคู่มือ
700 1  ขวัญตา เกิดชูชื่น,^eบรรณาธิการ
710 2  มหาวิทยาลัยมหิดล. ^bคณะแพทยศาสตร์โรงพยาบาลรามาธิบดี.^bภาควิชาพยาบาลศาสตร์
945    ^p0^l0^i020971
995    ทศพร
999 ^a ใช้งานได้ทุกระบบ
รายการนี้ยังไม่มีแท็ก
คุณยังไม่ได้ล็อกอิน คุณสามารถมีกิจกรรมร่วมกับเว็บไซต์ได้ แต่ต้องล็อกอินก่อน ::
  ล็อกอิน

รายการสื่อสารสนเทศ

ลำดับที่ ประเภท เลขเรียก/บาร์โค้ด สถานที่ สถานะ
- ไม่พบข้อมูล -

BibComment


ยังไม่เคยถูกคอมเมนท์

คอมเมนท์ทรัพยากรรายการนี้
  คอมเมนท์: คู่มือปฏิบัติการพ..


 Copyright 2026. Bcnsprnw @Library